000 02605 a2200229 4500
001 1891
005 20260407155419.0
008 260407a2010 arg spa d
003 AR-UNSa-BCEJYS
040 _aAR-UNSa-BCEJYS
_bspa
_cAR-UNSa-BCEJYS
080 _a658.012.432
_xDirección por un consejo de administración, por un consejo de dirección. Control corporativo
245 1 0 _aGobierno corporativo
_pdirección, administración y control de organizaciones en forma ética y responsable
020 _a978-987-01-1129-0
264 1 _aBuenos Aires :
_bErrepar
_c2010
300 _alxxxiv, 1130 p.
_c22 cm.
505 _a1. Aspectos del gobierno corporativo interrelacionados - 2. Gobierno corporativo para Pymes - 3. Fraude en los negocios - 4. El sistema de gestión para prevenir el fraude corporativo. Norma IRAM - 5. Controles internos y gestión de riesgos. Informes Coso - 6. Sistema de gestión de riesgos. Normas IRAM - 7. Tecnología de la información . Norma IRAM-ISO - 8. Códigos de conducta corporativa - 9. Sistema de responsabilidad social. Norma ISO - 10. Responsabilidad social corporativa para Pymes - 11. Memoria de los administradores - 12. Informes corporativos sobre sostenibilidad - 13. Comités de auditoría - 14. Sindicatura societaria - 15. Auditoría financiera de Pymes - 16. IFRS completos para empresas cotizantes - 17. El estándar internacional de información financiera simplificado para Pymes - 18. Contabilidad, documentación y libros según la ley de sociedades comerciales y el código de comercio - 19. Normas sobre presentación de estados financieros , documentación y registros contables . Inspección general de justicia - 20. Estados contables para entes comerciales , industriales y de servicios . Normas contables profesionales - 21. Sociedades extranjeras. Normas societarias - 22. Asociaciones civiles y fundaciones. Normas legales y profesionales - 23. Cooperativas. Normas legales y profesionales - 24. Lavado de activos de origen delictivo y financiamiento del terrorismo - 25. Ley Sarbanes-Oxley y su impacto en las empresas - 26. Auditoría forense - 27. El comercio electrónico (E-Commerce) - 28. Comunicaciones con los encargados del gobierno corporativo - 29. Normas de auditoría gubernamentales - 30. Normas mínimas de control interno para el buen gobierno corporativo en entidades del Estado
041 _aspa
942 _cBK
590 _aniveau_biblio:m niveau_hierar:0
100 1 _aCasal, Armando Miguel
856 4 1 _uhttps://biblioeco.unsa.edu.ar/pmb/images/libros/Gobierno corporativo2-l118074.jpg
_yImagen de portada
_qimage/jpeg
999 _c191
_d191